00788nam a2200253 a 4500001001300000003000900013005001700022008004100039020002300080082002100103100001700124245006700141260004400208300000900252500003500261505001000296650002200306650002000328700001700348902000800365942000700373952013700380999001700517nice12345678IN_TiNIC20260116013740.0050524s1998 lona grp 000 0 eng  a0193135 c37500a303.6250954bHEE aHeehs, Peter aNationalism, Terrorism, Communalismb Essays in Modern History aLondan bOxford University Press c1998 a174p aincludes index and biblioraphy2 aIndex aCommunalism-India aTerrorism-India1 aHeehs, Peter bSRS cBK 001040708StackRoom-aHMIbHMId2008-06-26g375.00l1m1o303.6250954 HEEp018637r2020-09-17s2020-08-21v375.00w2005-05-24yBK c12284d12284